000 01557nam0a22005051 4500
001 RU\NLR\A1SV\14541
005 20251203171251.9
035 _a(NLR Aleph) 009699814
090 _a9779276
_c9779276
100 _a19991213d1926 u y0rusy50 ca
101 0 _arus
102 _aRU
200 1 _aПоследние дни Романовых
_fП.М.Быков
_gПод ред. и с предисл. А.Таняева
210 _aСвердловск
_cУралкнига
_d1926
215 _a128 с.
_c[6] л. ил., факс.
_d22 см
300 _aНа обл. авт. не указан
451 1 _1001RU\NLR\A1SV\14542
602 _aРомановы
620 _dЕкатеринбург
700 1 _aБыков
_bП. М.
_cпарт.-хоз. работник, революционер
_f1888-1953
_gПавел Михайлович
_3RU\NLR\AUTH\770290521
_4070
702 1 _aТаняев
_bА. П.
_f1898-1974
_gАлександр Петрович
_4070
801 0 _aRU
_bNLR
_c19991213
852 _aNLR
_j37.8.5.19
852 _aNLR
_jМф К1/5135
899 _aСПбГУ
899 _aSLK
899 _aИМПИ
899 _aСОУНБ
899 _aNBKM
899 _aЧОУНБ
899 _aБАН
899 _aГОПБ
899 _aNLG
899 _aРКП
899 _aРГБ
899 _aLitNB
899 _aКирОУНБ
899 _aУОНБ
899 _aГАРФ
899 _aКУНБ
899 _aГИМ
942 _cBOOK
980 _aNB
980 _aGENEAL02